000 00832nam a22002057a 4500
999 _c6624
_d6624
003 AR-CdUCM
008 190318b ||||| |||| 00| 0 spa d
040 _aMUNICIPALIDAD PROVINCIAL DEL CUSCO
_cBIBLIOTECA MUNICIPAL DEL CUSCO
082 _a520 /
_bV61
110 _aTime-Life Book
_918633
245 _aViaje a través del universo /
260 _aEspaña :
_bEdiciones Folio,
300 _a3 volumenes ;
_bilustraciones ;
_c28 cm.
505 _aContenido : v.1: Galaxias I -- El universo redefinido - El hogar galáctico de la Tierra -- v.2: Galaxias II -- El zoo cósmico -- Misterios que aún persisten -- v.3: Planetas lejanos -- Más allá del anillo de asteroides -- El planeta estelar.
650 _aAstronomía
_918634
650 _aGalaxias
_918635
650 _aPlanetas
_918636
942 _2ddc
_cLIBROS
945 _azta